[Event "Olympiad-34"]
[Site "Istanbul"]
[Date "2000.11.05"]
[Round "8.1"]
[White "Azmaiparashvili, Zurab"]
[Black "Zulfugarli, Magomed"]
[Result "1-0"]
[WhiteElo "2673"]
[BlackElo "2510"]
[Annotator "Horn,Pe"]
[PlyCount "67"]
[EventDate "2000.10.28"]
[EventType "team-swiss"]
[EventRounds "14"]
[EventCountry "TUR"]
[SourceTitle "EXT 2001"]
[Source "ChessBase"]
[SourceDate "2000.11.22"]
[SourceVersion "1"]
[SourceVersionDate "2000.11.22"]
[SourceQuality "1"]
[WhiteTeam "Georgia"]
[BlackTeam "Azerbaijan"]
[WhiteTeamCountry "GEO"]
[BlackTeamCountry "AZE"]

1. g3 d5 2. Bg2 c6 3. Nf3 Bg4 4. c4 e6 5. O-O Nf6 6. Qb3 Qb6 7. Qc2 Nbd7 8. d3
Bd6 9. Nc3 O-O 10. e4 $146 (10. Be3 Qd8 11. Qb3 Qb8 12. cxd5 exd5 13. Rfe1 Ne5
14. Qc2 Ned7 15. d4 Bh5 16. Rad1 Ng4 17. Bc1 f5 $132 {Hickl,J-Twardon,M/
Myslowice 1985}) 10... dxe4 (10... Bxf3 $2 11. Bxf3 Ne5 12. Be2 d4 $2 13. Na4
$14) 11. dxe4 e5 12. Na4 Qc7 13. c5 Be7 14. Be3 $14 {[%cal Yf3d2] Weiß
beherrscht mehr Raum.} Bxf3 {nicht unbedingt notwendig.} (14... Rfd8 $14) (
14... b5 15. cxb6 axb6 16. Rfc1) 15. Bxf3 b5 16. cxb6 axb6 17. Rfc1 b5 18. Nc3
{[%cal Rc3b5]} Qb7 19. a4 $1 Bc5 $2 (19... bxa4 20. Nxa4 $14) 20. Bxc5 Nxc5 21.
Nxb5 cxb5 (21... Nxa4 {entsorgt zwar die Bauern auf dem Damenflügel, löst aber
das Stellungsproblem nicht:} 22. Nd6 Qxb2 23. Qxc6 Qb6 (23... Qd4 24. Bd1 Nb6
25. Rxa8 Nxa8 26. Bb3 {und f7 fällt.}) 24. Bd1 $1 Qxc6 (24... Rad8 25. Nc8 $18)
25. Rxc6 Nb6 26. Rxa8 Nxa8 27. Bb3 $16 {mit Einschlag auf f7.}) 22. Qxc5 bxa4
23. Qxe5 Rfe8 24. Qf4 Ra5 25. e5 Nd5 $8 26. Qc4 Qd7 (26... Qb5 27. Qxb5 Rxb5
28. Rxa4 Nb6 29. Ra7 $18) 27. b4 Rb5 28. Rd1 (28. Bg4 Qb7 29. Bc8 Qb6 30. Bd7
$18) 28... Rxe5 29. Rxa4 g6 30. Ra8+ Kg7 31. Ra5 Nb6 32. Qc3 Qc8 33. Bc6 f6 34.
Ra7+ 1-0

[Event "St Petersburg-ch"]
[Site "St Petersburg"]
[Date "1997.03.04"]
[Round "1"]
[White "Loginov, Valery A"]
[Black "Novikov, Mikhail V"]
[Result "1-0"]
[WhiteElo "2555"]
[BlackElo "2390"]
[Annotator "Horn,Pe"]
[PlyCount "69"]
[EventDate "1997.03.04"]
[EventType "swiss"]
[EventRounds "9"]
[EventCountry "RUS"]
[SourceTitle "CBM 058"]
[Source "ChessBase"]
[SourceDate "1997.06.01"]
[SourceVersion "1"]
[SourceVersionDate "1997.06.01"]
[SourceQuality "1"]

1. Nf3 d5 2. g3 c6 3. Bg2 Bf5 4. c4 e6 5. cxd5 exd5 6. O-O Nf6 7. d3 Be7 (7...
h6 {ist die andere Hauptfortfortsetzung. Eine Übersicht findet man in CBM52.})
8. Qc2 {[%cal Ye2e4] Ein eher seltener Zug, obwohl durchaus logisch: er
bereitet e2-e4 vor.} (8. Nc3 d4 $5 {Sehr selten gespielt: Der Zug verlängert
die Diagonale für den Bg2 und harmoniert nicht besonders mit c7-c6. Aber Weiß
kann es auch nicht sehr gefallen, den Nc3 noch mal zu ziehen.} (8... h6 {
->CBM52}) (8... Nbd7 9. Nd4 (9. Nh4 Be6 10. e4 O-O) (9. Qc2 h6 10. e4 dxe4 11.
dxe4 Bh7 12. Bf4 O-O 13. Rad1 Qa5 14. Nd4 Rfe8 15. h3 (15. a3 $5) 15... Bb4 16.
Nb3 (16. Rfe1 Nc5) 16... Qb6 17. Rfe1 Ne5 $2 (17... Nd5 $132) 18. a3 $14 {
Loginov-Soos/Budapest/1993}) (9. Be3 O-O 10. Qb3 Qb8 11. Rac1 Bd6 12. Na4 Re8
13. Rfe1 h6 14. Bd4 Re7 15. a3 Bh7 16. Bh3 Ne5 17. Nxe5 (17. Qc3) 17... Bxe5
18. Qc3 Qe8 19. Kf1 Rd8 20. b4 Bg6 21. Nc5 Rb8 22. a4 Bxd4 23. Qxd4 Re5 $2 24.
Nb3 $2 (24. Nd7 $1 Nxd7 25. Bxd7 Qe7 26. f4 Rh5 27. Bg4 Rxh2 28. Kg1 $18) 24...
a6 25. Qf4 Nh5 26. Qd4 Nf6 27. Qf4 Nh5 {1/2-1/2 King-Ribli/Calcutta/1992}) 9...
Bg6 10. e4 Nc5 11. Nf5 dxe4 12. Nxe7 Bh5 13. Nxc6 bxc6 14. Qd2 Qxd3 15. Nxe4
Nfxe4 16. Qxd3 Nxd3 17. Bxe4 O-O-O 18. Be3 Kb7 19. b4 $16 {Kirov-Marjanovic/
Balkaniade/1985}) (8... O-O 9. Nd4 Bg6 (9... Bc8 10. e4 Na6 (10... Qb6 11. Nb3
dxe4 12. dxe4 Rd8 13. Qc2 Be6 14. Be3 Qb4 15. Rfd1 Na6 16. h3 Bxb3 17. axb3 Bc5
$2 18. Rxd8+ Rxd8 19. Ra4 $16 {Ermolinski-Anikaev/Ckhaltubo/1981}) 11. h3 Nc5
12. Re1 Ne6 13. Nf5 Bb4 14. exd5 $14 {Dorfman-A.Petrosian/URS-ch/1976} cxd5 15.
a3 Ba5 16. b4 Bb6 17. Bb2 Kh8 18. Na4 Bc7 19. Rc1) (9... Bd7 10. e4 c5 11. Nc2
(11. Nf5 Bxf5 12. exf5 Nc6 13. Bg5 Qd7 14. g4 h6 (14... h5 15. h3) 15. Bh4 d4
16. Bxf6 Bxf6 17. Ne4 Be7 18. Rc1 b6 19. a3 Rac8 20. f4 Na5 (20... Rfe8) 21.
Qf3 f6 (21... Nb3 22. Rcd1 b5 23. g5 $1 $16) 22. h4 c4 23. g5 cxd3 24. gxh6 $40
{Malaniuk-Kishnev/Copenhagen Unibank/1991}) 11... d4 12. Ne2 Nc6 13. b4 Nxb4
14. Nxb4 cxb4 15. Nxd4 Bc5 (15... Bg4 $5 16. Nf3) 16. Nb3 Ba4 (16... Bb6 17. d4
$16) 17. Bb2 Bd4 $2 18. Bxd4 Bxb3 19. Bxf6 {1-0 Landenbergue-Nemeth,Z/Tapolca/
1989}) (9... Bg4 10. h3) 10. e4 Nbd7 11. Nde2 (11. Nf5 Bxf5 12. exf5 Bd6 13. g4
h6 14. f4 Nh7 (14... Kh8 15. g5 Ng8 16. f6 gxf6 17. Bh3 fxg5 18. fxg5 Ne5 19.
Bf5 Qe7 20. Qh5 f6 21. g6 Qg7 22. Bd2 Rfe8 23. Kh1 Bf8 24. Ne2 Ne7 25. Rg1 Nxf5
26. Qxf5 Nd7 27. Nd4 Re5 28. Qh3 Rae8 29. Bf4 {1-0 Weindl,A-Johannsson,J/
Stockholm op 1990}) 15. Qf3 Re8 16. Kh1 Qh4 17. h3 Re7 18. Be3 Rae8 19. Bf2 Qf6
$15 {Vaganian-Balashov/URS-ch/1983}) (11. g4 dxe4 12. dxe4 Nc5 (12... Bb4) 13.
Nf5 Bxf5 14. gxf5 Qxd1 (14... Bd6) 15. Rxd1 Rfd8 16. Be3 Ng4 17. Bd4 Bd6 18.
Bf3 Ne5 19. Be2 $14 {Ninov-F.Unzicker/Luxembourg op/1990}) (11. Re1 Bc5 12. Nb3
Bb6 13. e5 Ne8 14. d4 a5 15. a4 Nc7 16. Be3 f6 17. f4 Kh8 18. Kh1 Ne6 19. Bh3
f5 20. Rf1 Qe7 21. Nc1 Rad8 22. N1e2 Qf7 23. Qe1 Bh5 24. Qf2 Ba7 25. Rad1 Nb6
26. b3 Nc8 27. Rd2 Ne7 28. Ng1 c5 29. Nb5 cxd4 30. Nxd4 Bxd4 31. Bxd4 Nxd4 32.
Qxd4 Nc6 $132 {Eisterer-Duer/OST-BL/1989}) (11. Nb3 dxe4 12. dxe4 Nc5 13. Nxc5
Qxd1 14. Rxd1 Bxc5 15. Bg5 Ng4 16. Rd2 f5 {1/2-1/2 Schwarz,M-Kohlweyer,B/BL
1992}) 11... dxe4 12. dxe4 Nc5 13. Qc2 Qd3 14. Qxd3 Nxd3 15. Nf4 Nxc1 16. Raxc1
Rad8 (16... Rfd8 17. Rc2 Rd4 (17... Bb4) 18. Re1 Nd7 19. h4 f6 20. Nxg6 hxg6
21. Ne2 Rd6 22. f4 Rd8 23. Bh3 Rd3 24. Kg2 Nc5 25. Nc3 a5 26. e5 Kf8 27. Bg4
R8d4 28. exf6 gxf6 29. Rce2 Rd2 30. Rxd2 Rxd2+ 31. Re2 Rd4 {remis/
Yuferov-Margolin/Moskau/1989}) 17. Rfd1 $6 (17. Rc2 $5 Bb4 18. Re1 Rfe8 19.
Rce2 Ng4 20. h4 f6 21. Nxg6 hxg6) 17... Bb4 18. Nxg6 hxg6 19. Kf1 g5 $15 {
Salov-Chandler/Leningrad/1987}) 9. Nb1 (9. Ne4 $5 {gefällt mir besser als Nb1}
Na6 (9... Nxe4 10. dxe4 Bxe4 11. Qxd4 Qxd4 12. Nxd4 Bxg2 13. Kxg2 $14) 10.
Nxf6+ (10. a3) 10... Bxf6 11. a3 {[%cal Yb2b4] /\ b4}) 9... O-O 10. Nbd2 Be6
11. Qc2 c5 12. b4 $6 cxb4 13. Bb2 Nc6 14. Nb3 Rc8 15. Qd1 Bxb3 16. Qxb3 Bc5 $17
{S.Nikolic-Zecevic/Beograd op/1989}) (8. Qb3 Qb6 9. Qxb6 axb6 10. Nc3 Nbd7 (
10... b5 11. e4 dxe4 12. dxe4 Be6 13. Nd4 Bc4 14. Re1 b4 15. e5 Nfd7 16. Ne4
Rxa2 17. Rxa2 Bxa2 18. Nf5 Kf8 19. Nxe7 Kxe7 20. Bg5+ Kf8 21. Nd6 h6 22. Bd2 c5
23. Nxb7 Ke7 24. Rc1 Na6 25. Bf1 Ra8 26. Bxa6 Rxa6 27. Nxc5 Nxc5 28. Bxb4 Ke6
29. Rxc5 Bd5 30. Rc1 g5 31. Bc3 Bf3 32. Kf1 Ra4 33. h3 h5 34. Re1 g4 35. h4 Ra2
36. Rb1 Ra4 37. b4 Ra3 38. Bd2 Kxe5 39. b5 Be4 40. Rb2 Bf3 41. Bf4+ Kf5 42. Ke1
Rd3 43. Bd2 Rd7 44. b6 Kg6 45. Rb1 f6 46. Bf4 Be4 47. Rc1 Bf3 48. Rb1 Be4 49.
Ra1 Bf3 50. Bc7 Rd3 51. Rb1 Bb7 52. Bf4 Kf5 53. Rb5+ Ke6 54. Ke2 Ba6 55. Ra5
Bc4 56. Ke1 Rb3 57. Be3 Bd5 58. Kd2 Rb2+ 59. Kc3 Rb3+ 60. Kd4 Rb4+ 61. Kc5 Rc4+
62. Kb5 Rc2 63. Ka6 Rb2 64. Ka7 Be4 65. Kb8 Kd7 66. Ra7+ Kc6 67. Re7 Bd5 68. b7
Kd6 69. Rc7 Be6 70. Bf4+ Kd5 71. Rc1 {1-0 Dyachkov,S-Rublevsky,S/Ch-RYS tt,X
1992}) 11. e4 dxe4 12. Nd4 Bg6 13. dxe4 Ne5 14. Re1 Nd3 15. Rd1 Nxc1 16. Raxc1
Bc5 $11 {Benkö-Spassky/Belgrad/1964}) (8. Nd4 O-O (8... Bc8 9. Nc3 c5 10. Nb3
Be6 11. Bg5 Nbd7 12. e4 d4 13. Ne2 Qb6 14. Qc2 O-O 15. Nd2 Rac8 16. b3 h6 17.
Bxf6 Nxf6 18. Nf4 Nd7 19. Nxe6 Qxe6 20. f4 b5 21. a4 $14 {Ninov-Serrer/
Dortmund op/1989}) 9. Nc3 {-> 8.Nc3}) (8. Be3 {[%cal Yd1b3] Da Qb6 nun
verhindert ist, soll die schwarze Qd8 nach dem geplanten Qb3 auf ungünstigere
Felder (c7,c8) gezwungen werden.} O-O (8... Nbd7 9. Qb3 Qc7 10. Nc3 O-O (10...
Nc5 11. Bxc5 Bxc5 12. e4 dxe4 13. Nxe4 Bxe4 14. dxe4 O-O 15. e5 Nd5 16. Rac1
Qe7 17. Nh4 Bb6 18. Bxd5 cxd5 19. Qxd5 Rfe8 20. Nf3 $14 {S.Loeffler-Ha.Schulz/
Bundesliga/1992}) 11. Rac1 Qb8 12. Bf4 Nc5 13. Qc2 Qd8 (13... Qc8) 14. Nd4 Bg6
(14... Bc8 $142) 15. Bh3 $1 Re8 $2 (15... a5) 16. b4 Ncd7 17. b5 c5 18. Nc6 $1
$16 {Landenbergue-Hoffmann/Mitropa-Cup/1990}) 9. Qb3 Bc8 (9... Qc7 10. Nc3 Nbd7
11. Rac1 Be6 12. Nd4 Nc5 13. Nxe6 fxe6 14. Qc2 Na6 15. Bf4 e5 16. Bd2 Qd7 17.
a3 Nc5 18. b4 Ne6 19. Qa2 Rad8 20. Bh3 Qd6 21. Be3 b6 22. Ne4 $1 $14 {
Terreaux-Ludevid/1992}) 10. Nc3 Na6 11. Rac1 Nc5 12. Qc2 Ne6 $5 {nimmt dem Be3
alle attraktiven Möglichkeiten.} 13. d4 Ng4 14. Bd2 f5 {[%cal Yf5f4] Von der
Bauernstruktur ist eine Art Stonewall entstanden. Der Ne6 ist sehr
ungewöhnlich plaziert. Es scheint mir, daß Schwarz an dieser Stelle zufrieden
sein darf.} 15. e3 Bd6 16. Na4 Qe8 17. Nc5 Qh5 18. Nxe6 Bxe6 19. Qb3 Rf7 20.
Bb4 Bc7 21. Qa3 g5 22. Bd6 Bd8 23. Rfe1 (23. h3 Nf6 24. Ne5 Rg7 25. Bf8 Rc7)
23... Bf6 24. b4 (24. h3 Nh6 25. Ne5 Rg7 $13) 24... Rd7 25. Be5 a6 {1/2-1/2
Drasko-Sveshnikov/Belgrade/1988}) 8... O-O 9. Nc3 (9. a3 a5 10. Nbd2 h6 11. b3
Re8 12. Bb2 Na6 13. e4 Bh7 14. Rad1 Nc7 15. Nd4 Bf8 16. h3 c5 17. Ne2 b5 18.
Nf4 d4 19. a4 bxa4 20. bxa4 Rb8 21. Nc4 Na6 22. Qd2 Nb4 23. h4 {1/2-1/2
Pigusov,E-Zhu Chen/Beijing Lee Cup 1996}) 9... Na6 $146 (9... Nbd7 10. e4 Bg6
11. Nh4 dxe4 12. Nxg6 (12. dxe4 Re8 13. Nxg6 hxg6 14. Bf4 Nf8 15. Rad1 Qa5 16.
Bd2 Qa6 17. e5 N6d7 18. Rfe1 Rad8 19. Bf1 Qb6 20. Bc4 Nc5 21. Be3 Qb4 22. Be2
Nce6 23. a3 Qa5 24. Qb3 Bc5 25. Bxc5 Nxc5 26. Qb4 Qb6 27. f4 Nfe6 28. Qxb6 axb6
29. Kf2 b5 30. h4 Nd4 31. Bd3 Kf8 32. Bb1 Ke7 33. b4 Nce6 34. Ne4 Rh8 35. Nd6
b6 36. Be4 f5 37. Bg2 Rd7 38. Re3 Ra7 39. Red3 c5 40. Bd5 Rd8 41. Bxe6 Kxe6 42.
Nxb5 Rad7 43. Nc3 {1-0 Markowski,T-Matlak,M/Nat-ch POL, Brzeg Dolny 1996})
12... hxg6 13. dxe4 $14 {Loginov-Kadimova/Berliner Sommer 1994}) (9... h6 10.
e4 dxe4 11. dxe4 Bh7 {könnte in eine Partie Loginov-Soos/Budapest/1993
überleiten:} 12. Bf4 Nbd7 {damit ist die genannte Partie erreicht.} 13. Rad1
Qa5 14. Nd4 Rfe8 15. h3 Bb4 16. Nb3 Qb6 17. Rfe1 Ne5 18. a3 Bf8 19. Nd2 Qc5 20.
Be3 Qe7 21. f4 $14) (9... d4 10. Ne4 Nxe4 11. dxe4) 10. a3 (10. e4 dxe4 11.
dxe4 Nb4 12. Qb1) 10... Bg6 (10... h6 {behauptet den Bf5 auf der Diagonale
b1-h7. Bei der Qc2 hat das was.}) 11. e4 Nc7 (11... Nc5 12. Nh4 (12. Ne5 $5) (
12. Rd1) 12... dxe4 13. dxe4 Qd3 14. Qxd3 Nxd3 15. Nxg6 hxg6 16. Bg5 $14) 12.
Nh4 d4 $6 {[%csl Rg6] Nachdem die Spannung im Zentrum im Zentrum aufgehoben
ist, wird die Lage für den Bg6 noch ungemütlicher, da er mit dem Vormarsch des
Pf2 rechnen muß.} (12... Ne6 {[%cal Ye6d4] Sieht auf den ersten Blick etwas
gewagt aus; ich denke aber, daß Schwarz so eher sein vorangegangenes Spiel
rechtfertigen könnte.} 13. exd5 (13. f4 $6 Nd4 $132 14. Qa4 (14. Qd1 Bh5) (14.
Qb1 Nb3 $17) 14... Qb6 15. Kh1 Nb3 16. Rb1 Ng4 $40) (13. Ne2 $5) 13... cxd5 $13
(13... Nxd5 14. Nxg6 hxg6 15. Nxd5 cxd5 16. Qb3 Nc5 17. Qxd5 Qxd5 18. Bxd5 Rad8
19. Be4 (19. Bf3 b6 $14) 19... Bf6 $14)) 13. Ne2 Nfe8 {Früher oder später muß
der Nh4 befragt werden.} (13... Bxe4 {führt nur zu einer für das weiße
Läuferpaar vorteilhaften Öffnung der Stellung.} 14. dxe4 d3 15. Qd1 dxe2 16.
Qxe2 $16 {[%cal Yh4f5,Yf1d1]}) (13... Qd7 14. f4 (14. h3) 14... Bh5 15. h3) 14.
Nxg6 hxg6 15. f4 a5 (15... Nf6 $16) 16. Bd2 {Weiß beherrscht das Geschehen auf
beiden Flügeln und hat keinen Grund, etwas zu überstürzen.} Ra7 $2 {Der Ra7
ist hier sehr unglücklich plaziert. Es aber ist in jedem Fall sehr schwer, dem
schwarzen Spiel eine Spitze zu geben.} 17. Kh1 Ne6 18. Rae1 {[%cal Rf4f5] /\
f5,Nxd4} c5 (18... a4 $2 19. f5 gxf5 20. exf5 N6c7 21. Nxd4 $18) 19. a4 {
entwertet die schwarze Bauernmajorität, während die weiße intakt bleibt.} Nf6
20. Qc4 Nc7 21. Ng1 {[%cal Yg1f3] bringt die einzig schlecht plazierte Figur
auch noch auf die guten Felder.} Qd7 22. Nf3 b5 23. axb5 Qxb5 24. Qxb5 Nxb5 25.
Ne5 $1 (25. e5 $18) 25... Rc8 (25... Ra6 26. Nc4 $18 {[%csl Ra5][%cal Ye4e5,
Ye1a1]}) 26. Nc4 $18 {[%csl Ra5]} a4 27. e5 Ne8 28. Ra1 Nec7 29. Ba5 a3 30.
bxa3 Nc3 31. Bb6 Ra4 32. Bc6 (32. Ba5 $18) 32... N7b5 33. Bd7 Rb8 34. Ba5 {
[%cal Ra5c3]} Ra8 35. Bxc3 1-0

[Event "Ciocaltea Memorial"]
[Site "Bucharest"]
[Date "1997.??.??"]
[Round "8"]
[White "Ionescu, Constantin"]
[Black "Cosma, Ioan"]
[Result "1-0"]
[WhiteElo "2515"]
[BlackElo "2495"]
[Annotator "Horn,Pe"]
[PlyCount "59"]
[EventDate "1997.03.??"]
[EventType "tourn"]
[EventRounds "13"]
[EventCountry "ROU"]
[EventCategory "10"]
[SourceTitle "CBM 060"]
[Source "ChessBase"]
[SourceDate "1997.09.29"]
[SourceVersion "1"]
[SourceVersionDate "1997.09.29"]
[SourceQuality "1"]

1. Nf3 d5 2. g3 c6 3. Bg2 Bg4 4. c4 {->A11} e6 5. cxd5 exd5 6. O-O {Dieser
Stellungstyp ist nicht so weit erforscht wie viele andere und man ist früh auf
sein eigenes Urteil angewiesen.} Bd6 {Die meisten Spieler ziehen es vor, den
Bf8 nach e7 (oder c5) zu entwickeln. Das hat m.E. gute Gründe: Weiß plant
d3+e4; dann liegt immer e4-e5 in der Luft. Ein weiteres Argument: wenn Schwarz
mit d5xe4 tauscht, sind bei Be7 Entlastungsaktionen in der d-Linie möglich 
(Nb8-d7-c5, Qd8-d3), die nun entfallen.} (6... Nf6) 7. d3 Nf6 8. Nc3 O-O 9. h3
Bh5 $6 (9... Bxf3 {Wenn man auf f3 tauschen will, ist jetzt der geeignete
Zeitpunkt (kein Zeitverlust).} 10. Bxf3 $14) 10. e4 {[%cal Rg3g4]} (10. Nd4
Nbd7 11. Nf5 Bc7 12. Be3 Re8 13. Qd2 Nf8 14. b4 Ne6 15. Nd4 Bb6 16. Nxe6 fxe6
$11 {Vaganian-Murei/Marseille/1987}) 10... dxe4 (10... Nbd7 11. exd5 Nxd5 12.
Nxd5 cxd5 13. Qb3 $14) 11. dxe4 {[%cal Rg3g4]} Bxf3 {Späte Reue. Entweder der
9. oder der 11.Zug war eben nicht in Ordnung.} (11... Qe7 $2 12. g4 Bg6 13. e5
Bxe5 14. Re1 Nfd7 15. Nxe5 Nxe5 16. f4 $18) (11... Qc7 12. g4 (12. Re1) (12.
Be3) (12. Qc2) 12... Bg6 13. Nh4 $14 (13. Re1) (13. e5 $2 Bxe5)) (11... Bb4 12.
Qb3 $14) 12. Qxf3 $16 {Noch ein Nachteil des verzögerten Bxf3: nun kann die
Qd1 wiedernehmen.} Nbd7 13. Rd1 Qe7 14. Qe2 {Die strategische Aufgabe von Weiß
ist es jetzt, seine Majorität im Zentrum ins Laufen zu bringen (f2-f4, e4-e5).}
Bc5 15. Kh2 {[%cal Yf2f4]} Nb6 (15... Rad8 16. f4) 16. e5 Rfe8 17. f4 Rad8 18.
Rxd8 Qxd8 19. Be3 $16 {Schließt die Entwicklung ab, indem die aktivste
schwarze Figur abgetauscht wird.} Bxe3 20. Qxe3 Nfd5 $2 {kostet letztendlich
einen Bauern.} (20... Nfd7 21. Rd1 Qe7 22. Ne4 $16 {[%csl Gd6] Weiß beherrscht
das Zentrum und kontrolliert dadurch das Spiel.}) 21. Nxd5 cxd5 (21... Nxd5 22.
Qxa7 $18) 22. Rd1 Qd7 23. b3 {[%cal Ra2a4,Ra4a5]} Qb5 (23... Rd8 24. a4 d4 25.
Qe4 d3 26. a5 Nc8 27. Qxb7 $18) 24. Rc1 Rd8 25. Qd4 Qe2 26. a4 (26. Rc7 Qxa2
27. e6 Rf8 28. Rxb7 Qxb3 $2 29. Rxa7 $18 {[%csl Rb6]}) 26... Qa2 27. Rc7 Qxb3
28. e6 f6 (28... Rf8 29. a5 $18) 29. e7 Re8 30. a5 1-0

[Event "EU-Cup 16th"]
[Site "Neum"]
[Date "2000.09.29"]
[Round "6.1"]
[White "Azmaiparashvili, Zurab"]
[Black "Bogdanovski, Vlatko"]
[Result "1-0"]
[WhiteElo "2673"]
[BlackElo "2435"]
[Annotator "Horn,Pe"]
[PlyCount "59"]
[EventDate "2000.09.24"]
[EventType "team-swiss"]
[EventRounds "7"]
[EventCountry "BIH"]
[SourceTitle "CBM 080"]
[Source "ChessBase"]
[SourceDate "2001.01.25"]
[SourceVersion "1"]
[SourceVersionDate "2001.01.25"]
[SourceQuality "1"]
[WhiteTeam "Kiseljak"]
[BlackTeam "Skopje Alkaloid"]
[WhiteTeamCountry "BIH"]
[BlackTeamCountry "MKD"]

1. g3 d5 2. Bg2 c6 3. Nf3 Bg4 4. c4 Nf6 5. Ne5 Be6 6. O-O $146 {Vielleicht hat
der Elounterschied der Gegner bei der Wahl dieses Zuges eine Rolle gespielt.} (
{Das Spiel verflacht nach} 6. cxd5 Bxd5 7. Nf3 c5 8. Nc3 Bc6 9. O-O e6 $11)
6... dxc4 {Die kritische Fortsetzung.} (6... Nbd7 {kommt auch in Betracht.}) 7.
Qc2 Qd4 {Zwingt Weiß, ein echtes Gambit zu spielen.} 8. Nf3 Qd5 9. Nc3 Qa5 (
9... Qh5 {verfolgt agressivere Ziele.}) 10. Nd1 Na6 (10... Nbd7 11. Nd4 Bd5 12.
e4 (12. Ne3 Bxg2 13. Kxg2 b5) 12... Bxe4 13. Bxe4 Qe5 14. Bxc6 bxc6 15. Qxc4)
11. Nd4 Bd5 12. Ne3 e6 13. b3 Bxg2 14. Kxg2 cxb3 15. Nxb3 Qd8 (15... Qh5 {
gefällt mir hier weniger: die Q könnte bei bei einem weißen Vorgehen am
Königsflügel ins Gedränge geraten.}) 16. f4 Nb4 17. Qb1 Nbd5 (17... Be7 {
[%cal Ye8g8]}) 18. Nc4 Nb6 (18... Nc3 19. dxc3 Qd5+ 20. e4 Qxc4 21. Nd2 $44)
19. Ne5 Qd5+ 20. Rf3 Qe4 {erwingt den Damentausch.} (20... Bd6 {setzt die
Verfolgung des N(e5) mit Abtauschdrohungen fort.}) (20... Be7 {nebst 0-0 sieht
gesund aus.}) 21. Qxe4 Nxe4 22. Na5 {Weiß drückt gegen den schwarzen
Damenflügel und er ist besser entwickelt, während Schwarz auf den Mehrbauern
pocht.} f6 23. Re3 Nd6 (23... Nc5 24. Nd3 (24. Nf3 Nd5 25. Ra3) 24... Nxd3 25.
Rxd3 Rb8 26. Rb1) 24. Nf3 Kf7 25. Rb1 Re8 $2 ({Schwarz konnte sich einfach
weiterentwickeln:} 25... Be7 $142 {da} 26. Nd4 $140 $2 {den Pe6 nicht wirklich
bedroht:} (26. Reb3 $142 Rhd8 27. d3 $44) 26... c5 27. Nxe6 $2 Nd5 $19) 26.
Reb3 c5 27. d3 Rc8 $2 {Übersieht die folgende ungewöhnliche Kombination.} ({Mit
} 27... Re7 {konnte der Kampf (mit ungewissem Ausgang) fortgesetzt werden:
wirksamere weiße Figuren gegen schwarzen Materialvorteil, z.B.:} 28. Ba3 Rc7
29. Rc1 Nd7) 28. Nxb7 $1 Nxb7 29. Ra3 Nd7 $2 {Offensichtlich ist Schwarz
schockiert von der Entwicklung der Ereignisse und setzt noch einen Fehler
obendrauf.} ({Widerstand konnte Schwarz am ehesten mit} 29... Na5 30. Rxa5 Rc7
$16 {leisten.}) 30. Rxb7 1-0

[Event "GER-ch 74th"]
[Site "Saarbruecken"]
[Date "2002.11.26"]
[Round "5"]
[White "Gutman, Lev"]
[Black "Holzhaeuer, Mathias"]
[Result "1-0"]
[WhiteElo "2476"]
[BlackElo "2407"]
[Annotator "Horn,Pe"]
[PlyCount "81"]
[EventDate "2002.11.22"]
[EventType "swiss"]
[EventRounds "9"]
[EventCountry "GER"]
[SourceTitle "CBM 093"]
[Source "ChessBase"]
[SourceDate "2003.04.01"]
[SourceVersion "1"]
[SourceVersionDate "2003.04.01"]
[SourceQuality "1"]

1. Nf3 Nf6 2. g3 d5 3. Bg2 Bf5 4. O-O e6 5. c4 c6 6. cxd5 exd5 7. d3 h6 8. Nc3
Be7 9. Nd4 Bc8 ({Meistens hat man hier} 9... Bh7 {gespielt.}) 10. e4 O-O $146 (
10... dxe4 11. dxe4 O-O 12. h3 Na6 13. e5 $16) 11. e5 (11. h3) (11. exd5 $14)
11... Ng4 12. Nf3 (12. e6 Nf6 13. exf7+ Rxf7) 12... f6 (12... d4 13. Ne2 Nd7)
13. d4 fxe5 14. Nxe5 Nf6 (14... Nxe5 15. dxe5 Be6 (15... Qb6 16. Na4 Qb4 17. f4
$14) 16. Be3) 15. Ne2 Re8 $6 {Hier hätte ich eher eine Entwicklung des
Damenflügels erwartet.} (15... Bf5) 16. Qd3 Nbd7 (16... Nfd7 17. f4 (17. Bxh6
$5)) 17. Bxh6 $1 Nxe5 18. dxe5 Ng4 (18... gxh6 19. Qg6+ Kh8 (19... Kf8 20. Nf4
$18) 20. exf6 Bxf6 21. Qxh6+ $18) 19. Bf4 Bc5 20. Rac1 Bb6 21. Nd4 Nxe5 22.
Bxe5 Rxe5 23. Rxc6 Bf5 (23... bxc6 24. Nxc6 Bxf2+ 25. Kh1 $16) 24. Qd2 Be4 25.
Rcc1 Bxg2 26. Kxg2 Qd7 27. Nf3 (27. Rfe1 Re4 28. Nf3 $16) 27... Rh5 28. Ng1 (
28. h4 $16) 28... Rf8 29. Rce1 Rhf5 30. Re2 Qb5 31. f4 d4 32. Nf3 (32. Re7)
32... Qd5 33. Qd3 Qxa2 34. Ne5 (34. Rfe1 $14) 34... Qd5+ 35. Rf3 R5f6 $2 (35...
Bc5) 36. Ng6 $18 Rxg6 37. Qxg6 Qb5 38. Qd3 (38. Re7 $1) 38... Qd7 39. f5 Qd5
40. Qe4 Qb5 41. f6 1-0